| 000 | 00454nam a2200205Ia 4500 | ||
|---|---|---|---|
| 001 | 12757 | ||
| 003 | GE_BSU | ||
| 008 | 181216s||||||||xx |||||||||||||| ||und|| | ||
| 020 | _a0434011118 | ||
| 040 | _cGE_BSU | ||
| 080 | _a821.111-32.1 | ||
| 100 | _aBonner, Hilary | ||
| 245 | _aWhen the Dead Cry Out | ||
| 260 | _aLondon | ||
| 260 | _bwilliam heineman | ||
| 260 | _c2003 | ||
| 300 | _a296p.24cm. | ||
| 653 | _aWhen the Dead Cry Out | ||
| 942 | _cBK | ||
| 999 |
_c45928 _d45928 |
||